00295 a2200145 4500260001100000100001600011260000900027245002800036300001000064650002800074650001200102260000900114130000800123020001800131 aLondon aGREN, Lucas bIUCN aThe IUCN plant red data a540p. aespèces végétales aplantes c1978 lEn. a2-88032-202-2